000 00386nam a2200157Ia 4500
008 141014s9999||||xx |||||||||||||| ||und||
010 _a26199
082 _aEjm. 1
100 _aIHS
245 _aSemana Gráfica 1931
250 _aS/E
260 _aBiblioteca Ecuatoriana Aurelio Espinosa Pólit, Quito, Ecuador
_c2008
300 _aS/P
_cCD
650 _aImpresos CD
942 _cBK
999 _c26349
_d26349